Archivonomía (Registro nro. 1296)
[ vista simple ]
| 000 -CABECERA | |
|---|---|
| Longitud fija campo de control | 00711nam a22002417a 4500 |
| 003 - IDENTIFICADOR DELl NÚMERO DE CONTROL | |
| Identificador del número de control | OSt |
| 005 - FECHA Y HORA DE LA ÚLTIMA TRANSACCIÓN | |
| Fecha y hora de la última transacción | 20131005081733.0 |
| 008 - CÓDIGOS DE INFORMACIÓN DE LONGITUD FIJA | |
| Códigos de información de longitud fija | 130705b xxu||||| |||| 00| 0 eng d |
| 020 ## - NÚMERO INTERNACIONAL NORMALIZADO PARA LIBROS | |
| Número Internacional Normalizado para Libros (ISBN) | 0-07-090719-6 |
| 040 ## - FUENTE DE LA CATALOGACIÓN | |
| Centro catalogador de origen | BMC |
| Centro transcriptor | BMC |
| 082 ## - NÚMERO DE LA CLASIFICACIÓN DECIMAL DEWEY | |
| Númeroo de clasificación | 025 |
| 082 ## - NÚMERO DE LA CLASIFICACIÓN DECIMAL DEWEY | |
| Númeroo de clasificación | 020 |
| 245 00 - MENCIÓN DE TÍTULO | |
| Título | Archivonomía |
| Resto del título | : teoría y práctica |
| Mención de responsabilidad, etc. | [coordinadores], Mª Thalia Domínguez Corona, Gilbert Kahn |
| 250 ## - MENCIÓN DE EDICIÓN | |
| Mención de edición | 2ª ed |
| 260 ## - PUBLICACIÓN, DISTRIBUCIÓN, ETC. (PIE DE IMPRENTA) | |
| Lugar de publicación, distribución, etc. | México, D.F. [etc.] |
| Nombre del editor, distribuidor, etc. | Mc Graw-Hill |
| Fecha de publicación, distribución, etc. | 1988 |
| 300 ## - DESCRIPCIÓN FÍSICA | |
| Extensión | VIII, 152 p., [20] h. |
| Otras características físicas | il. |
| Dimensiones | 20 cm |
| 500 ## - NOTA GENERAL | |
| Nota general | Índice p. [151]-152 |
| 650 24 - PUNTO DE ACCESO ADICIONAL DE MATERIA - TÉRMINO DE MATERIA | |
| 9 (RLIN) | 2731 |
| Término de materia o nombre geográfico como elemento inicial | Archivonomía |
| 650 24 - PUNTO DE ACCESO ADICIONAL DE MATERIA - TÉRMINO DE MATERIA | |
| 9 (RLIN) | 886 |
| Término de materia o nombre geográfico como elemento inicial | Documentación |
| 700 1# - PUNTO DE ACCESO ADICIONAL - NOMBRE DE PERSONA | |
| 9 (RLIN) | 2244 |
| Nombre de persona | Domínguez Corona, Ma Thalía |
| 700 1# - PUNTO DE ACCESO ADICIONAL - NOMBRE DE PERSONA | |
| 9 (RLIN) | 2245 |
| Nombre de persona | Kahn, Gilbert |
| 942 ## - ENTRADA DE ELEMENTOS AGREGADOS (KOHA) | |
| Fuente de clasificaión o esquema | Dewey Decimal Classification |
| Koha [por defecto] tipo de item | 1- Monografias |
| Suprimido | Perdido | Fuente de clasificación o esquema | Estropeado | Restricciones de uso | No para préstamo | Código de colección | Localización permanente | Localización actual | Localización en estanter&íacute;as | Fecha adquisición | Fuente de adquisición | Número de inventario | Préstamos totales | Signatura completa | Código de barras | Fecha última consulta | Coste, precio reemplazado | Fecha del precio de reemplazo | Tipo de item de Koha |
|---|---|---|---|---|---|---|---|---|---|---|---|---|---|---|---|---|---|---|---|
| NULL | NULL | Dewey Decimal Classification | NULL | Préstamo en Sala | NULL | NULL | Biblioteca Miguel de Cervantes - UNICAES | Biblioteca Miguel de Cervantes - UNICAES | Sala Principal | 25/01/2003 | Donación - COREI | 001524 | 025 ARC | 1001524 | 06/07/2013 | 7.00 | 06/07/2013 | 1- Monografias |